| 000 | 00786pam a2200265 a 4500 | ||
|---|---|---|---|
| 008 | |||
| 020 | _a0521482135 (hbk.) | ||
| 049 | _aMAIN | ||
| 090 | _aTJ211 | ||
| 100 | 1 | _aDuffy, Joseph. | |
| 245 | 1 | 0 |
_aStatics and kinematics with applications to robotics / _cJoseph Duffy. |
| 260 |
_aCambridge : _bCambridge University Press, _c1996. |
||
| 300 |
_axiii, 174 p. : _bill. ; _c24 cm. |
||
| 500 | _aIncludes index. | ||
| 504 | _aIncludes bibliographical references. | ||
| 650 | 0 |
_aManipulators _xmechanism |
|
| 650 | 0 | _aStatics. | |
| 650 | 0 | _aMachinery, Kinematics of. | |
| 650 | 0 |
_aRobots _xMotion. |
|
| 907 |
_a.b1001732x _b13-09-05 _c17-04-03 |
||
| 003 | |||
| 005 | 20230123133132.0 | ||
| 040 | _cNUST | ||
| 942 |
_cBOOKS _kTJ211 |
||
| 999 |
_c143345 _d143345 |
||